| 000 | 00579nam a22001817a 4500 | ||
|---|---|---|---|
| 008 | 230705b |||||||| |||| 00| 0 eng d | ||
| 020 | _a9788191002157 | ||
| 040 |
_aNational Science Library _cNational Science Library |
||
| 080 |
_a82-9 ARV _bQ11 |
||
| 245 |
_aमहिला रचनाकर: _bअपने आईने में |
||
| 246 |
_aMahila ranchnaker: _bApne aaine mein |
||
| 260 |
_aKolkata: _bBharat Vidya International, _c2011 |
||
| 300 | _a132p. | ||
| 365 |
_b250.00 _cINR |
||
| 650 | _aHindi literature | ||
| 700 | _aArvind (Ed.) | ||
| 942 |
_2udc _cHBK |
||
| 999 |
_c49583 _d49583 |
||